First look at rigorous probability theory (Record no. 1237319)

MARC details
000 -LEADER
fixed length control field 00731nam a2200253Ia 4500
005 - DATE AND TIME OF LATEST TRANSACTION
control field 20250117103422.0
008 - FIXED-LENGTH DATA ELEMENTS--GENERAL INFORMATION
fixed length control field 008 250103s9999 xx 000 0 eng d
020 ## - INTERNATIONAL STANDARD BOOK NUMBER
International Standard Book Number 9789812703712
037 ## - SOURCE OF ACQUISITION
Stock number Textual
040 ## - CATALOGING SOURCE
Original cataloging agency CSL
Language of cataloging eng
Transcribing agency CSL
041 ## - LANGUAGE CODE
Language code of text/sound track or separate title eng
Source of code eng
084 ## - COLON CLASSIFICATION NUMBER
Classification number B281 P6;1
Assigning agency CSL
100 ## - MAIN ENTRY--PERSONAL NAME
Personal name Rosenthal, Jeffrey S
245 #0 - TITLE STATEMENT
Title First look at rigorous probability theory
Statement of responsibility, etc. Rosenthal, Jeffrey S
250 ## - EDITION STATEMENT
Edition statement 2nd
260 ## - PUBLICATION, DISTRIBUTION, ETC.
Place of publication, distribution, etc. Singpore
Name of publisher, distributor, etc. World Scientific
Date of publication, distribution, etc. 2006
300 ## - PHYSICAL DESCRIPTION
Extent xvi, 219p. ill.
650 ## - SUBJECT ADDED ENTRY--TOPICAL TERM
Topical term or geographic name entry element Expected values
9 (RLIN) 732932
650 ## - SUBJECT ADDED ENTRY--TOPICAL TERM
Topical term or geographic name entry element Martingales
9 (RLIN) 732933
650 ## - SUBJECT ADDED ENTRY--TOPICAL TERM
Topical term or geographic name entry element Weak convergence
9 (RLIN) 732934
650 ## - SUBJECT ADDED ENTRY--TOPICAL TERM
Topical term or geographic name entry element Statistics
942 ## - ADDED ENTRY ELEMENTS (KOHA)
Koha item type Textual
Classification part B281 P6;1
Holdings
Withdrawn status Lost status Damaged status Not for loan Home library Current library Date acquired Source of acquisition Inventory number Total Checkouts Full call number Barcode Date last seen Price effective from Koha item type
        Central Science Library Central Science Library 2025-01-17 New India Book Agency 4078, 20/01/2023   B281 P6;1 SL1655266 2025-01-17 2025-01-17 Textual
Copyright @ Delhi University Library System